Comprehensive carbanion chemistry
| Main Author: | |
|---|---|
| Format: | Section = Libro |
| Language: | Undetermined Spanish |
| Published: |
New York
Elsevier
1984
|
| Subjects: |
| LEADER | 00475nam a2200193Ia 4500 | ||
|---|---|---|---|
| 008 | 240829s9999 xx 000 0 und d | ||
| 020 | |a 0-444-42267-6 | ||
| 040 | |a BIBLIOTECA-RUSB/ 553.2 B942 | ||
| 041 | |a spa | ||
| 082 | |a 553.2 B942 | ||
| 100 | 1 | |a Buncel, E | |
| 245 | 1 | 0 | |a Comprehensive carbanion chemistry |
| 260 | |a New York |b Elsevier |c 1984 | ||
| 300 | |a 303 p. :il. | ||
| 650 | 7 | |a MATERIALES CARBONOSOS | |
| 650 | 7 | |b QUIMICA | |
| 942 | |c BK |2 ddc | ||
| 991 | |a TEXTO | ||
| 999 | |c 2566 | ||